00720nam a2200253 a 4500001001300000003000900013005001700022008004100039020001000080082001600090100002000106245003200126260003800158300000900196500003500205505002400240650002100264650003500285700002000320902000800340942000700348952009600355999001500451nice12345678IN_TiNIC20260116012020.0050524s1975 laha grp 000 0 eng  ac10000a954.91bMAH aMahmood, Safdar aPolitical Study of Pakistan aLahorebSh. Muhammad Ashrafc1975 a222p aincludes index and biblioraphy2 aBibliography, Index aPakistan-History aPakistan-Government & Politics1 aMahmood, Safdar bSRS cBK 00104070aHMIbHMId2007-08-01g100.00l0o954.91 MAHp09408r2007-08-01w2026-01-16yEB c5298d5298